000 00254nam a2200121Ia 4500
008 221030s9999 xx 000 0 und d
041 _aEnglish
082 _a105.23
_bBE
245 0 _aLiving Digital
_bCD
260 _c0
650 _aMagazine
942 _cCD
999 _c4957
_d4957